| 000 | 00909nam a22002657a 4500 | ||
|---|---|---|---|
| 999 |
_c421520 _d421520 |
||
| 001 | 137846 | ||
| 003 | UA-OsUOA | ||
| 005 | 20200227122540.0 | ||
| 007 | ta | ||
| 008 | 20190614b un ||||| |||| 00| 0 ukr d | ||
| 020 | _a978-966-02-8190-5 | ||
| 040 |
_aUA-OsUOA _bukr _cUA-OsUOA _dUA-OsUOA |
||
| 041 | _aukr | ||
| 080 | _a016:09 | ||
| 090 |
_a016:09 _bВ68 |
||
| 100 | _aВолощенко С. | ||
| 245 |
_aКолекція Митрополита Володимира (Сабодана): рукописи, стародруки і рідкісні видання _bкаталог |
||
| 260 |
_aК. _bФПБМВ _c2017 |
||
| 300 | _a504 с. | ||
| 591 | _aМитрополит Олександр | ||
| 650 | 7 |
_a01 Бібліографія і бібліографії. Каталоги _2UDC |
|
| 942 |
_cBK _2udc |
||
| 955 | _a1 | ||